British education (Record no. 36098)

MARC details
000 -LEADER
campo de control de longitud fija 00525nam a2200157 i 4500
001 - NÚMERO DE CONTROL
campo de control 36098
003 - IDENTIFICADOR DE NÚMERO DE CONTROL
campo de control ES-MaACL
005 - FECHA Y HORA DE LA ÚLTIMA TRANSACCIÓN
campo de control 20230906155310.0
007 - CAMPO FIJO DE DESCRIPCIÓN FÍSICA--INFORMACIÓN GENERAL
campo de control de longitud fija t|
008 - DATOS DE LONGITUD FIJA--INFORMACIÓN GENERAL
campo de control de longitud fija 030217s1978 sp ||||1| eng d
245 00 - MENCIÓN DEL TÍTULO
Título British education
Resto del título : the last ten years : books added to the British Council Libraries in Spain, 1969-1978.
260 ## - PUBLICACIÓN, DISTRIBUCIÓN, ETC.
Lugar de publicación, distribución, etc. Madrid :
Nombre del editor, distribuidor, etc. British Council Libraries in Spain,
Fecha de publicación, distribución, etc. [1978]
300 ## - DESCRIPCIÓN FÍSICA
Extensión 23 p. ;
Dimensiones 21 cm.
710 2# - ENTRADA AGREGADA--NOMBRE DE ENTIDAD CORPORATIVA
Nombre de entidad corporativa o nombre de jurisdicción como elemento de entrada British Council Libraries (España)
9 (RLIN) 2242
852 ## - LOCALIZACIÓN
Ubicación ES-MaACL
Número de control de estantería 2135-F-5
Sublocalización o colección R.106789
Holdings
Estatus retirado Estado de pérdida Estado de daño No para préstamo Colección Biblioteca de origen Biblioteca actual Ubicación en estantería Fecha de adquisición Fuente de adquisición Total de préstamos Signatura topográfica completa Código de barras Visto por última vez Precio de reemplazo Tipo de ítem Koha
        Colección de folletos Biblioteca del Ateneo de Madrid Biblioteca del Ateneo de Madrid Depósito folletos 17/01/2008     2135-F-5 1037884 23/02/2023 23/02/2023 Folleto